[Event "Foment Martinenc op-B 21st"]
[Site "Barcelona"]
[Date "2019.05.04"]
[Round "2"]
[White "Arias Aranda, Guillem"]
[Black "Ros Cuadrado, Tomas"]
[Result "1-0"]
[WhiteElo "1649"]
[BlackElo "1500"]
[PlyCount "25"]
[EventDate "2019.04.27"]
[EventType "swiss"]
[EventRounds "9"]
[EventCountry "ESP"]
[SourceTitle "EXT 2020"]
[Source "ChessBase"]
[SourceDate "2019.10.17"]
[SourceVersion "1"]
[SourceVersionDate "2019.10.17"]
[SourceQuality "1"]

1. e4 e6 2. b3 d5 3. Bb2 Nf6 4. e5 Nfd7 5. Qg4 c5 6. f4 Nc6 7. Nf3 Nb4 8. Na3 Rg8 9. Be2 g6 10. Ng5 h6 11. Nxe6 Nf6 12. Bb5+ Ke7 13. exf6+ 1-0

[Event "Barcelona La Lira op 33rd"]
[Site "Barcelona"]
[Date "2015.01.30"]
[Round "3"]
[White "Torras Lemos, Marc"]
[Black "Ros Cuadrado, Tomas"]
[Result "1-0"]
[WhiteElo "1561"]
[BlackElo "1805"]
[PlyCount "63"]
[EventDate "2015.01.16"]
[EventType "swiss"]
[EventRounds "9"]
[EventCountry "ESP"]
[SourceTitle "EXT 2016"]
[Source "ChessBase"]
[SourceDate "2015.10.08"]
[SourceVersion "1"]
[SourceVersionDate "2015.10.08"]
[SourceQuality "1"]

1. d4 d5 2. c4 Nf6 3. Nc3 e6 4. e3 Bb4 5. Bd2 0-0 6. Bd3 b6 7. a3 Be7 8. cxd5 Bb7 9. e4 exd5 10. e5 Ne4 11. f3 Nxd2 12. Qxd2 c5 13. Nge2 Nc6 14. dxc5 Bxc5 15. Nxd5 Nxe5 16. Be4 Nc4 17. Qd3 Ne5 18. Qb3 Bxd5 19. Bxd5 Rb8 20. 0-0-0 Qc7 21. Kb1 Rbd8 22. Nc3 Ng6 23. Nb5 Qe7 24. Rhe1 Qg5 25. Nxa7 Qxg2 26. Nc6 Rd7 27. h4 Nf4 28. Ne5 Nxd5 29. Nxd7 Ne3 30. Rxe3 Bxe3 31. Nxf8 Kxf8 32. Qxe3 1-0